000
00334cam a2200145ua 4500
041
_a
hin
_h
082
_a
891.43
_b
BAC/YA
100
_a
Bacchan, .
245
_a
Yakat sangeeth /
_c
Bacchan.
_h
Textual Documents
260
_a
Delhi :
_b
Rajipal Yakat ,
_c
1998.
300
_a
98 ; .
504
_a
942
_c
BK
999
_c
2419
_d
2419